Score 0/36 Timer 03:00
0 Plays Today
Clue Answer % Correct
You can't play tennis without oneBALL
88.5%
He lost to the tortoiseHARE
87.8%
No ____ feelingsHARD
87.5%
Match a poker bet•CALL•
82.6%
Start a poker hand•DEAL•
80.1%
Texas ____'em•HOLD•
80%
Store paperworkFILE
77.4%
Duck that shares its name with a colorTEAL
72.8%
Bring to overflowingFILL
72.7%
Sagan or SandburgCARL
71.8%
End a poker hand•FOLD•
71.4%
Bring a tree downFELL
71.2%
Bring on the payrollHIRE
71.1%
Giveaway of one's hand, in poker•TELL•
69.8%
Like Yul BrynnerBALD
68.4%
With [rung 7] + [rung 28], poker variant•CARD•
67.8%
Honeycomb sourceHIVE
67.7%
It covers the engineHOOD
67.3%
Clue Answer % Correct
P. Diddy's real first nameSEAN
66.3%
Farm's hen houseCOOP
64.8%
Basketball needHOOP
64.7%
There's no shortage of this in the Middle EastSAND
62.5%
Eagles, Byrds or Flamingos e.g.BAND
62.3%
With [rung 12] + [rung 28], poker variant•FIVE•
60.8%
Where one is ushered toSEAT
60.7%
College Greek houseFRAT
59.2%
Act of daringFEAT
54.2%
Farm's outputCROP
53.6%
'Aw, shucks!'DRAT
47.4%
StupefySTUN
44.9%
Central Asia country suffixSTAN
43.9%
With [rung 7] + [rung 12], poker variant•DRAW•
43.1%
Poker variant•STUD•
40.4%
Stick in one's ____CRAW
37.1%
Murder memberCROW
33.5%
Royal name in the Middle EastSAUD
33%

Today's Daily Dose

Remove Ads.
Support Sporcle.
Get the best of Sporcle when you Go Orange. This ad-free experience offers more features, more stats, and more fun while also helping to support Sporcle. Thank you for becoming a member.

You're not logged in!

Compare scores with friends on all Sporcle quizzes.
OR
Log In

Show Comments

Extras

Top Quizzes Today


Score Distribution

Your Account Isn't Verified!

In order to create a playlist on Sporcle, you need to verify the email address you used during registration. Go to your Sporcle Settings to finish the process.

Report this User

Report this user for behavior that violates our Community Guidelines.

Details: